Statistics for 1980's Movies

Click here to take the quiz!

General Stats

  • This quiz has been taken 191 times
  • The average score is 11 of 15

Answer Stats

HintAnswer% Correct
1984 - Stay Puft Marshmallow Man - ZuulGhostbusters
96%
1982 - Alien - Phone homeE.T. the Extra - Terrestrial
95%
1985 - Flux Capacitor - McFlyBack To The Future
94%
1986 - Maverick - Navy's Fighter Weapons SchoolTop Gun
93%
1984 - Axel Foley - Detroit CopBeverly Hills Cop
88%
1984 - Mogwai - Never expose to bright lightGremlins
88%
1986 - Skips School - Ferrari 250 GT California SpiderFerris Bueller's Day Off
83%
1985 - Five Srangers - All day detentionThe Breakfast Club
83%
1988 - Fortune Teller Machine - 30 Year Old ManBig
74%
1987 - Vampires - Santa Carla, CaliforniaThe Lost Boys
64%
1983 - Tony Montana - Multi million dollar empireScarface
58%
1985 - 17th Century Pirate - SlothThe Goonies
55%
1987 - Pair of L.A.P.D Detectives - Shadow CompanyLethal Weapon
45%
1984 - Fantasia - FalkorThe Neverending Story
37%
1988 - Ghosts - The DeetzesBeetlejuice
32%

Score Distribution

Percentile by Number Answered

Percent of People with Each Score

Your Score History

You have not taken this quiz